Score 0/24 Timer 05:00
5 Plays Today
4-Letter Word Clue Answer % Correct
Learn through the grapevineHEAR / HEART
82.4%
'Walk of Fame' shapeSTAR / START
82.2%
Wordless sound of frustration or reliefSIGH / SIGHT
81.8%
Pedicurist's toolFILE / FILET
80.6%
Result of a toe-stubbingPAIN / PAINT
79.8%
Become a group memberJOIN / JOINT
78.8%
Area between hillsVALE / VALET
78.1%
Condo for chickensCOOP / CO-OPT
75.4%
Ulna, for oneBONE / BONET
73.4%
Give a hootCARE / CARET
71.5%
Order to a shepherd or boxerCOME / COMET
71.2%
BlueprintPLAN / PLANT
70.1%
4-Letter Word Clue Answer % Correct
Run for your life!FLEE / FLEET
67%
'Song 2' bandBLUR / BLURT
66.8%
Phaser setting optionSTUN / STUNT
66.2%
European make of carAUDI / AUDIT
65.5%
In cooking, almost blackenCHAR / CHART
64.7%
'Guilty' or 'Not guilty,' e.g.PLEA / PLEAT
63.1%
Herb is also a wise old manSAGE / SAGET
59.1%
Level, like the groundEVEN / EVENT
58%
Sheltered harborCOVE / COVET
53.3%
How many #1 singles Nirvana hadNONE / NONET
51.8%
What you shouldn't go -- on 'The Price Is Right'OVER / OVERT
51.6%
Mentor in 'Karate Kid' remakeCHAN / CHANT
50%

You're not logged in!

Compare scores with friends on all Sporcle quizzes.
OR
Log In

Sporcle TV

Today on Sporcle TV


Watch our educational content, quiz creation guides, and fun videos on Sporcle TV.

Show Comments

Extras

Top Quizzes Today


Score Distribution

Paid Content

Your Account Isn't Verified!

In order to create a playlist on Sporcle, you need to verify the email address you used during registration. Go to your Sporcle Settings to finish the process.

Report this User

Report this user for behavior that violates our Community Guidelines.

Details: